Being, Human in conflicts ; (Record no. 7767)

MARC details
000 -LEADER
fixed length control field 00410nam a22001337a 4500
008 - FIXED-LENGTH DATA ELEMENTS--GENERAL INFORMATION
fixed length control field 190326b ||||| |||| 00| 0 eng d
020 ## - INTERNATIONAL STANDARD BOOK NUMBER
International Standard Book Number 9788461194629
082 ## - DEWEY DECIMAL CLASSIFICATION NUMBER
Classification number 573.2 F36b 2006
100 ## - MAIN ENTRY--PERSONAL NAME
Personal name Fernandez, Jonan
245 ## - TITLE STATEMENT
Title Being, Human in conflicts ;
Remainder of title an ethical reflection after direct experience of the Basque conflict.
260 ## - PUBLICATION, DISTRIBUTION, ETC.
Place of publication, distribution, etc. Spanish ;
Name of publisher, distributor, etc. Baketik,
Date of publication, distribution, etc. 2006.
300 ## - PHYSICAL DESCRIPTION
Extent 315 p.
Dimensions 23 cm.
942 ## - Added entry Elements (Koha)
Source of classification or shelving scheme Dewey Decimal Classification
Holdings
Withdrawn status Lost status Source of classification or shelving scheme Damaged status Not for loan Collection code Home library Current library Shelving location Date acquired Serial Enumeration / chronology Total Checkouts Full call number Barcode Date last seen Price effective from Koha item type
    Dewey Decimal Classification     Main TEST RTC Library RTC Library Main opac 26/03/2019 13586   573.2 FER 30013167 26/03/2019 26/03/2019 Main
Royal Thimphu College || All Right Reserved